000 01324cad a22002775a 4500
001 L146929
008 090316s2009 xxk f lf000 0 eng d
035 _a(Sirsi) u146929
041 0 _aeng
050 0 4 _a711.1 $2 18
110 2 _aUnited Kingdom
_kLaws, etc.
_95044
245 0 4 _aThe Town and Country Planning (Determination of Appeal Procedure) (Prescribed Period) (England) Regulations 2009
_h[electronic resource]
260 _aLondon
_bOPSI
_c2009
490 0 _aSI
_v(454) 2009
520 _aIn accordance with the new section 319A of the Town and Country Planning Act 1990, the Town and Country Planning (Determination of Appeal Procedure) (Prescribed Period) (England) Regulations 2009 set out the prescribed period for the Secretary of State to determine the procedure for specified appeals.
520 _aComes into force 6 April 2009.
521 _aAdvanced
590 _aKA NTK
650 2 4 _aTOWN AND COUNTRY PLANNING (DETERMINATION OF APPEAL PROCEDURE) (PRESCRIBED PERIOD) (ENGLAND) REGULATIONS 2009
650 2 4 _aPLANNING ACT 2008
650 2 4 _aTOWN AND COUNTRY PLANNING ACT 1990
651 4 _aEngland
_y886-
690 _aPlanning and development
_96259
856 4 0 _uhttps://www.opsi.gov.uk/si/si2009/uksi_20090454_en_1
_zView the item free of charge online at www.opsi.gov.uk...
942 _n0
999 _c109357
_d109357